000 00463nam a2200181Ia 4500
001 13487
005 20260306164804.0
008 260306t2017||||xx |||||||||||||| ||spa||
041 _aESP
082 _a004.35
_bK447
100 _aKirk, David B.
_eAUT
245 0 _aProgramming massively parallel processors:
_ba hands-on approach
260 _c2017
300 _axxii, 550 páginas :
_c23 cm.
650 _aGEN
654 _aCCC
942 _cLIB
_dJUS
_fJUS
_2ddc
_n
999 _c13487
_d13487